000 004550000a22001690004500
003 MACL
005 20151219160032.0
008 151219b xxu||||| |||| 00| 0 eng d
040 _aMACL
_cMACL
041 _aEnglish
082 _a610.043/LIN
100 _aLingam, Dr S
_921474
245 _aThe Complete Book of Child Health
260 _bMarshall Cavendish Corporation
_c1995
_aItaly
650 _aMedical Science
_921520
942 _cBK
_k610.043/LIN
_2ddc
999 _c40118
_d40118